Animal food production. (Record no. 16040)

000 -LEADER
fixed length control field 01201cam a22002414a 4500
020 ## - INTERNATIONAL STANDARD BOOK NUMBER
ISBN 9789251058381
020 ## - INTERNATIONAL STANDARD BOOK NUMBER
ISBN 9251058385
040 ## - CATALOGING SOURCE
Transcribing agency BTCTA
082 00 - DEWEY DECIMAL CLASSIFICATION NUMBER
Classification number 664 FOO 2008 A083 Or.
245 00 - TITLE STATEMENT
Title Animal food production.
250 ## - EDITION STATEMENT
Edition statement 1st ed.
260 ## - PUBLICATION, DISTRIBUTION, ETC. (IMPRINT)
Place of publication Rome :
Name of publisher World Health Organization ;
Place of publication Food and Agriculture Organization of the United Nations,
Year of publication 2008.
300 ## - PHYSICAL DESCRIPTION
Number of Pages 192 p. ;
Dimensions 25 cm.
500 ## - GENERAL NOTE
General note "The first edition includes texts adopted by the Codex Alimentarius Commission up to 2007."--Preface.
520 ## - SUMMARY, ETC.
Summary, etc Basic texts on meat hygiene, animal feeding and antimicrobial resistance, including the code of hygienic practice for meat, the code of practice for good animal feeding, a glossary of terms and definitions (Residues of Veterinary Drugs in Foods), and more. This first edition includes the texts adopted by the Codex Alimentarius Commission up to 2007.--Publisher's description.
650 #0 - SUBJECT ADDED ENTRY--TOPICAL TERM
Topical Term Meat hygiene
650 #0 - SUBJECT ADDED ENTRY--TOPICAL TERM
Topical Term Food of animal origin
650 #0 - SUBJECT ADDED ENTRY--TOPICAL TERM
Topical Term Meat industry and trade
710 2# - ADDED ENTRY--CORPORATE NAME
Corporate name or jurisdiction name as entry element Joint FAO/WHO Codex Alimentarius Commission.
710 2# - ADDED ENTRY--CORPORATE NAME
Corporate name or jurisdiction name as entry element World Health Organization.
710 2# - ADDED ENTRY--CORPORATE NAME
Corporate name or jurisdiction name as entry element Food and Agriculture Organization of the United Nations.
942 ## - ADDED ENTRY ELEMENTS (KOHA)
Koha item type សៀវភៅភាសាអង់គ្លេស
952 ## - LOCATION AND ITEM INFORMATION (KOHA)
Withdrawn status [LOCAL, KOHA] 0
Holdings
Permanent Location Date acquired Koha item type Lost status Shelving location Barcode Current Location Full call number
Library Block A2017-12-27សៀវភៅភាសាអង់គ្លេស A083A15336Library Block A664 FOO 2008 A083 Or.
មជ្ឈមណ្ឌលឯការនៃសាកលវិទ្យាល័យភូមិន្ទកសិកម្មចំការដូង

Powered by Koha